| 000 | 01391nam a2200337 i 4500 | ||
|---|---|---|---|
| 003 | EG-ScBUE | ||
| 005 | 20231121132138.0 | ||
| 008 | 151123s2015 ua a f b 000 0 ara d | ||
| 020 | _a9691389226 | ||
| 040 |
_aEG-ScBUE _bara _erda _cEG-ScBUE _dEG-ScBUE |
||
| 043 | _aa-aj--- | ||
| 082 | 0 | 4 |
_a947.540904 _bس ل ا _222 |
| 100 | 1 |
_aسلامة، محمد، _eمؤلف. _938782 |
|
| 245 | 1 | 0 |
_aيناير الأسود : _bالغزو السوفيتي ل باكو / _cتأليف محمد سلامة. |
| 246 | 3 |
_aيناير الأسود : _bالغزو السوفيتي لباكو |
|
| 246 | 3 | 4 |
_aيناير الأسود : _bالغزو السوفيتي لباكو : وثائق وأرشيفات الصحافة المصرية |
| 250 | _aالطبعة الأولى. | ||
| 264 | 1 |
_aالقاهرة : _b[اسم الناشر غير محدد]، _c2015. |
|
| 300 |
_a183 صفحة : _bإيضاحيات ملونة ؛ _c24 سم |
||
| 336 |
_2rdacontent _aنص _btxt |
||
| 337 |
_aبدون وسيط _2rdamedia _bn |
||
| 338 |
_aمجلد _bnc _2rdacarrier |
||
| 504 | _aيشتمل على إرجاعات ببليوجرافية. | ||
| 541 | _aDonation from Shahla - Azarbaijan. | ||
| 650 | _2BUEsh | ||
| 651 | 7 |
_aأذربيجان _xتاريخ. _2BUEsh |
|
| 651 | 7 |
_aالاتحاد السوفيتى _xأحوال سياسية. _2BUEsh |
|
| 653 |
_bGGEN _cNovember2015 |
||
| 655 | _vReading book | ||
| 942 | _2ddc | ||
| 999 |
_c21073 _d21045 |
||